[Event "Budapest FS11 IM-B"]
[Site "Budapest"]
[Date "1997.11.05"]
[Round "4"]
[White "Miton, Kamil"]
[Black "Shishkim, Va"]
[Result "1-0"]
[WhiteElo "2350"]
[BlackElo "2250"]

1.d4 Nf6 2.c4 d6 3.Nc3 g6 4.e4 Bg7 5.Be2 O-O 6.Nf3 e5 7.O-O Nc6 8.d5 Ne7
9.b4 a5 10.bxa5 Rxa5 11.Nd2 b6 12.Nb3 Ra8 13.a4 Nd7 14.Be3 f5 15.f3 Kh8 16.a5 Ng8
17.axb6 Rxa1 18.Qxa1 cxb6 19.Qa7 Bh6 20.Bf2 Ngf6 21.Nb5 fxe4 22.Nxd6 exf3
23.Bxf3 e4 24.Nxe4 Nxe4 25.Bxe4 Rxf2 26.Rxf2 Be3 27.Qa1+ Kg8 28.Qe1 Qg5 29.Kh1 Bxf2
30.Qxf2 Nc5 31.Bc2 Ba6 32.Nxc5 bxc5 33.Bd3 Kg7 34.Qxc5 Qc1+ 35.Qg1 Qc3 36.Qf1 Qd4
37.h3 h5 38.Qe2 h4 39.Qe7+ Kh6 40.Qf8+ Kg5 41.Qe7+ Kh6 42.Qe2 Kg5 43.Qg4+ Qxg4
44.hxg4 Kf6 45.g3 hxg3 46.Kg2 g5 47.Kxg3 Ke5 48.Kf2  1-0

[Event "RUS-Cup01 Chigorin mem"]
[Site "St Petersburg"]
[Date "1997.11.05"]
[Round "5"]
[White "Popov, Valerij"]
[Black "Rashkovsky, Nukhim N"]
[Result "1/2-1/2"]
[WhiteElo "2440"]
[BlackElo "2510"]

1.Nf3 Nf6 2.c4 g6 3.Nc3 Bg7 4.e4 d6 5.d4 O-O 6.Be2 e5 7.O-O Nc6 8.d5 Ne7
9.b4 Ne8 10.a3 h6 11.Nd2 f5 12.c5 f4 13.Nc4 g5 14.a4 Ng6 15.f3 h5 16.c6 b6
17.a5 Rb8 18.axb6 axb6 19.Nb5  1/2-1/2

[Event "RUS-Cup01 Chigorin mem"]
[Site "St Petersburg"]
[Date "1997.11.07"]
[Round "7"]
[White "Shariyazdanov, Andrey"]
[Black "Klimov, Sergey"]
[Result "1-0"]
[WhiteElo "2465"]
[BlackElo "2355"]

1.d4 Nf6 2.c4 g6 3.Nc3 Bg7 4.e4 O-O 5.Be2 d6 6.Nf3 e5 7.O-O Nc6 8.d5 Ne7
9.Ne1 Nd7 10.Nd3 f5 11.Bd2 Nf6 12.f3 f4 13.c5 g5 14.Rc1 Ng6 15.Nb5 a6 16.cxd6 axb5
17.dxc7 Qd7 18.Qb3 g4 19.Bb4 Rf7 20.d6 g3 21.Rfd1 gxh2+ 22.Kxh2 b6 23.Ba3 Qe8
24.Nb4 Be6 25.Bxb5 Bd7 26.Bc4 Nh8 27.Nd5 Nxd5 28.Bxd5 b5 29.Bxa8 Qxa8 30.c8=Q+  1-0

[Event "RUS-Cup01 Chigorin mem"]
[Site "St Petersburg"]
[Date "1997.11.07"]
[Round "7"]
[White "Kruppa, Yuri"]
[Black "Socko, Bartosz"]
[Result "1/2-1/2"]
[WhiteElo "2535"]
[BlackElo "2435"]

1.d4 Nf6 2.c4 g6 3.Nc3 Bg7 4.e4 d6 5.Nf3 O-O 6.Be2 e5 7.O-O Nc6 8.d5 Ne7
9.Qc2 a5 10.Bd2 Kh8 11.a3 Ne8 12.b4 f5 13.Rad1 Nf6 14.Ng5 h6 15.Ne6 Bxe6
16.dxe6 axb4 17.axb4 Nc6 18.exf5 Nd4 19.Qd3 gxf5 20.Rfe1 Ng8 21.Bf1 Nxe6
22.Ne2 Ne7 23.Qh3 Kh7 24.b5 Ng6 25.Qd3 Nc5 26.Qc2 Ne4 27.Bc1 b6 28.f3 Nc5
29.Ng3 Qf6 30.Be3 Ne7 31.f4 e4 32.Qf2 Qf7 33.Kh1 Ra3 34.Bxc5 bxc5 35.b6 Bd4
36.Rxd4 cxd4 37.Qxd4 Qg7 38.Qxg7+ Kxg7 39.bxc7 Kf7 40.Rd1 Ke6 41.Ne2 Nc6
42.g4 fxg4 43.Ng3 Kd7 44.Nxe4 Kxc7 45.Nxd6 Ra5 46.f5 Rd8 47.Nb5+ Rxb5 48.Rxd8 Rb1
49.Rh8 Rxf1+ 50.Kg2 Rxf5 51.Rh7+ Kb6 52.Rxh6 Rg5 53.Kg3 Kc5 54.Rh4 Kxc4  1/2-1/2

[Event "Budapest FS11 IM-A"]
[Site "Budapest"]
[Date "1997.11.10"]
[Round "9"]
[White "Toth, Andras"]
[Black "Tindall, Brett"]
[Result "1-0"]
[WhiteElo "2280"]
[BlackElo "2190"]

1.d4 Nf6 2.Nf3 g6 3.c4 Bg7 4.Nc3 d6 5.e4 O-O 6.Be2 e5 7.O-O Nc6 8.d5 Ne7
9.Ne1 Nd7 10.Nd3 f5 11.Bd2 Nf6 12.f3 f4 13.g4 fxg3 14.hxg3 Qd7 15.Nf2 Nh5
16.Kg2 Kh8 17.Rh1 Ng8 18.Nd3 Qe7 19.Qc1 Bd7 20.b4 a5 21.bxa5 Rxa5 22.a4 Rfa8
23.Bd1 Be8 24.Nb5 c6 25.Na3 R5a7 26.Be3 c5 27.Nb5 Ra5 28.Bc2 Bxb5 29.cxb5 Rc8
30.Nb2 c4 31.Bb3 Nf4+ 32.gxf4 exf4 33.Bxf4 cxb3 34.Qxc8 Bxb2 35.Qe6 Bxa1
36.Qxe7 Nxe7 37.Rxa1 b2 38.Rb1 Rxa4 39.Bxd6 Nc8 40.Be5+ Kg8 41.Rxb2 Rc4 42.Ra2 Kf7
43.Ra8  1-0

[Event "Bayern-chI Bank Hofmann"]
[Site "Bad Wiessee"]
[Date "1997.11.22"]
[Round "8"]
[White "Siegel, Georg"]
[Black "Nisipeanu, Liviu Dieter"]
[Result "0-1"]
[WhiteElo "2540"]
[BlackElo "2600"]

1.d4 Nf6 2.c4 g6 3.Nc3 Bg7 4.e4 d6 5.Be2 O-O 6.Nf3 e5 7.O-O Nc6 8.d5 Ne7
9.Nd2 a5 10.Rb1 Nd7 11.a3 f5 12.b4 Kh8 13.Qc2 axb4 14.axb4 fxe4 15.Ndxe4 Nf5
16.Qd1 Nf6 17.Nxf6 Qxf6 18.Ne4 Qh4 19.Bd3 Bh6 20.c5 Bxc1 21.Rxc1 Qe7 22.Rc3 Nd4
23.Qd2 Bf5 24.Rfc1 Bxe4 25.Bxe4 Rf4 26.f3 Rf7 27.cxd6 cxd6 28.Rc8+ Rxc8 29.Rxc8+ Rf8
30.Rc3 Ra8 31.g3 Kg7 32.Kg2 Qd7 33.h4 Ra1 34.g4 h6 35.Kh3 Qe7 36.f4 Rf1 37.f5 g5
38.Rc8 gxh4 39.Qc3 Kf6 40.Rh8 Ne2 41.Rxh6+ Kg7 42.Rh7+ Kf6 43.Rxe7 Nxc3 44.Re6+ Kg5
45.Bg2 Rf2 46.Rxd6 Ne2 47.Rg6+ Kf4 48.Re6 Ng1+ 49.Kxh4 Rxg2 50.Kh5 Ne2 51.f6 Rxg4
52.Kh6 Ke4 53.f7 Rf4 54.Kg7 Kxd5 55.Re8 Nd4 56.Rd8+ Kc6 57.Re8 Kd7 58.f8=Q Ne6+
59.Rxe6 Rxf8 60.Rxe5 Rf4 61.Kg6 Rxb4 62.Kf5 Rc4  0-1

[Event "Asker 75th"]
[Site "Asker"]
[Date "1997.11.24"]
[Round "3"]
[White "Ostenstad, Berge"]
[Black "Nataf, Igor Alexandre"]
[Result "1-0"]
[WhiteElo "2465"]
[BlackElo "2440"]

1.d4 Nf6 2.Nf3 g6 3.c4 Bg7 4.Nc3 O-O 5.e4 d6 6.Be2 e5 7.O-O Nc6 8.d5 Ne7
9.Ne1 Nd7 10.Be3 f5 11.f3 f4 12.Bf2 g5 13.a4 Rf6 14.a5 Rh6 15.Nd3 Nf6 16.Be1 Rg6
17.g4 h5 18.h3 Rh6 19.Kg2 Kf7 20.Bf2 Bd7 21.Rh1 Ng6 22.Qb3 Qc8 23.c5 hxg4
24.hxg4 Nxg4 25.c6 bxc6 26.fxg4 Bxg4 27.dxc6+ Be6 28.Qb7 g4 29.Qxc8 Bxc8
30.Nd5 f3+ 31.Bxf3 gxf3+ 32.Kxf3 Rb8 33.Rxh6 Bxh6 34.Bxa7 Rb3 35.Ra3 Rxa3
36.bxa3 Bd2 37.N3b4 Ne7 38.Nxe7 Kxe7 39.Nd5+ Kd8 40.Bb6 cxb6 41.axb6 Ba5
42.b7 Bxb7 43.cxb7 Bc7 44.Nb4  1-0

[Event "AUT-chT2O 9798"]
[Site "Austria"]
[Date "1997.12.06"]
[Round "4"]
[White "Voegel, Wolfgang"]
[Black "Neumeier, Klaus"]
[Result "1-0"]
[WhiteElo "2225"]
[BlackElo "2250"]

1.d4 Nf6 2.c4 g6 3.Nc3 Bg7 4.e4 d6 5.Be2 O-O 6.Nf3 e5 7.O-O Nc6 8.d5 Ne7
9.b4 Nh5 10.c5 Nf4 11.Bxf4 exf4 12.Qb3 Bg4 13.Rad1 Bxf3 14.Bxf3 g5 15.Bg4 Ng6
16.Ne2 Ne5 17.Qh3 Nxg4 18.Qxg4 Qe7 19.cxd6 cxd6 20.Nd4 Bxd4 21.Rxd4 f5 22.exf5 Kh8
23.Rc4 Rf7 24.h4 Raf8 25.Rfc1 Qf6 26.Qxg5 Qxg5 27.hxg5 Rxf5 28.Rc7 Rxg5 29.Rxb7 Rfg8
30.Rcc7 Rxg2+ 31.Kf1 R2g7 32.Rxg7 Rxg7 33.Rb8+ Rg8 34.Rxg8+ Kxg8 35.b5 Kf7
36.a4 Ke7 37.a5 Kd7 38.Kg2  1-0

[Event "AUT-chT2O 9798"]
[Site "Austria"]
[Date "1997.12.07"]
[Round "5"]
[White "Weissenbeck, Manuel"]
[Black "Dornauer, Joachim"]
[Result "1-0"]
[WhiteElo "2185"]
[BlackElo "2195"]

1.d4 Nf6 2.Nf3 g6 3.c4 Bg7 4.Nc3 O-O 5.e4 d6 6.Be2 e5 7.O-O Nc6 8.d5 Ne7
9.b4 Nd7 10.Bd2 f5 11.Ng5 Nf6 12.f3 h6 13.Ne6 Bxe6 14.dxe6 c6 15.Be3 Ne8
16.Qb3 Kh7 17.Rad1 Nc7 18.c5 d5 19.exd5 cxd5 20.Nxd5 Nexd5 21.Bc4 Qc8 22.Bxd5 Re8
23.a4 Nxe6 24.Bxe6 Rxe6 25.Rd2 Re7 26.Rfd1 Qc7 27.Rd6 Rae8 28.Qd5 Kh8 29.Rxg6 f4
30.Bf2 e4 31.Bd4 Bxd4+ 32.Qxd4+ Qe5 33.fxe4 Kh7 34.Rf6 Qxe4 35.Qxe4+ Rxe4
36.Rd7+ Kg8 37.Rxb7  1-0

[Event "FIDE Candidates (Women)"]
[Site "Groningen"]
[Date "1997.12.16"]
[Round "7"]
[White "Ioseliani, Nana"]
[Black "Kachiani Gersinska, Ketino"]
[Result "1-0"]
[WhiteElo "2520"]
[BlackElo "2415"]

1.Nf3 Nf6 2.c4 g6 3.d4 Bg7 4.Nc3 d6 5.e4 O-O 6.Be2 e5 7.O-O Nc6 8.d5 Ne7
9.b4 a5 10.Ba3 axb4 11.Bxb4 Nd7 12.a4 Bh6 13.Nd2 f5 14.Nb3 b6 15.a5 Nc5 16.Qc2 Kh8
17.axb6 Rxa1 18.Rxa1 cxb6 19.Nxc5 bxc5 20.Ba5 Qd7 21.Bb6 Qb7 22.Qb3 Ng8 23.Qb5 Bd2
24.Ra7 Qb8 25.Qc6 Bxc3 26.Ra8 Qxa8 27.Qxa8 Nf6 28.exf5 Bd4 29.Ba5 Ne4 30.Be1 gxf5
31.Qb8 Kg8 32.h3 Be6 33.Qb7 Bf7 34.Bd3 Bg6 35.Qc7 Ng5 36.Qxd6 e4 37.Bf1 Ra8
38.Bd2 Nf7 39.Qe6 Kf8 40.h4 Ra2 41.Be3 f4 42.Bxd4 cxd4 43.h5 Bxh5 44.Qxe4 Ra1
45.Qxd4 Rd1 46.Qb2 Bg4 47.f3 Bf5 48.Kf2  1-0

[Event "Karpov GM"]
[Site "Singapore"]
[Date "1997.12.18"]
[Round "5"]
[White "Wu Shaobin"]
[Black "Suradiradja, Herman"]
[Result "1-0"]
[WhiteElo "2430"]
[BlackElo "2250"]

1.d4 Nf6 2.c4 g6 3.Nc3 Bg7 4.e4 d6 5.Nf3 O-O 6.Be2 e5 7.O-O Nc6 8.d5 Ne7
9.Nd2 Nd7 10.b4 f5 11.c5 dxc5 12.bxc5 Nxc5 13.Ba3 Nxe4 14.Ndxe4 fxe4 15.Bc4 Kh8
16.Nxe4 Rf4 17.f3 Nf5 18.Bc1 Nd4 19.Bxf4 exf4 20.Qd2 b5 21.Bb3 a5 22.Rae1 Bb7
23.Qxf4 a4 24.Ng5 Qf6 25.Qxc7 Qxg5 26.Qxb7 Rf8 27.Bd1 Nf5 28.g4 Ne3 29.f4 Qh4
30.Qxb5 Nxf1 31.Rxf1 a3 32.Qd3 Qe7 33.d6 Qa7+ 34.Kg2 Rd8 35.f5 gxf5 36.Rxf5 Qd4
37.Qxd4 Bxd4 38.Rd5 Bc3 39.d7 Kg7 40.Ba4 Bf6 41.g5 Bc3 42.Rd3 Bb2 43.h4 h6
44.Kh3 hxg5 45.hxg5 Kf7 46.Kg4 Ke7 47.Re3+ Kd6 48.Re8 Kc7 49.Kf5 Bc1 50.g6 Bb2
51.Ke6 Bc3 52.Rxd8 Kxd8 53.Kf7  1-0

[Event "Rishon Le Ziyyon 9798"]
[Site "Rishon Le Ziyyon"]
[Date "1997.12.26"]
[Round "2"]
[White "Mikhalevski, Victor"]
[Black "Rinberg, Alexander"]
[Result "1-0"]
[WhiteElo "2535"]
[BlackElo "2260"]

1.d4 Nf6 2.c4 g6 3.Nc3 Bg7 4.e4 O-O 5.Nf3 d6 6.Be2 e5 7.O-O Nc6 8.Be3 Re8
9.dxe5 dxe5 10.h3 Be6 11.c5 h6 12.Qa4 Qc8 13.Rfd1 a6 14.Nd5 Nh5 15.Rd2 Bd7
16.Qc4 Be6 17.Qa4 Bd7 18.Qc2 Ne7 19.Bc4 Nxd5 20.exd5 e4 21.Nd4 g5 22.Qd1 Nf4
23.c6 bxc6 24.dxc6 Nxh3+ 25.gxh3 Bxh3 26.Ne2 Bg4 27.Rd7 Bh5 28.Qf1 Qb8 29.Ng3 Bg6
30.Rad1 Qxb2 31.Rxc7 Rac8 32.Rxc8 Rxc8 33.Bd5  1-0

[Event "Raiffeisen op-A 6th"]
[Site "Aschach"]
[Date "1997.12.27"]
[Round "3"]
[White "Epishin, Vladimir"]
[Black "Brustman, Agnieszka"]
[Result "1-0"]
[WhiteElo "2570"]
[BlackElo "2380"]

1.d4 Nf6 2.c4 g6 3.Nc3 Bg7 4.e4 d6 5.Nf3 O-O 6.Be2 e5 7.O-O Nc6 8.d5 Ne7
9.b4 Nh5 10.Qc2 Nf4 11.Bxf4 exf4 12.Rad1 Bg4 13.Nd4 Bxe2 14.Ncxe2 a5 15.b5 Be5
16.Nf3 Nc8 17.c5 Qe7 18.Nxe5 Qxe5 19.f3 Re8 20.Nc1 Qf6 21.Nd3 g5 22.Rc1 Ne7
23.Qb2 Qxb2 24.Nxb2 Nc8 25.Na4 f5 26.Rfe1 fxe4 27.fxe4 Re5 28.b6 cxb6 29.cxb6 Ne7
30.Nb2 Nc8 31.Nc4 Re8 32.a4 Rd8 33.Rb1 Rd7 34.Rb5 Kg7 35.Reb1 Ra6 36.Rxa5 Rxa5
37.Nxa5 Kf6 38.Nc4 g4 39.a5 Kg5 40.a6 Re7 41.a7  1-0

[Event "Rishon Le Ziyyon 9798"]
[Site "Rishon Le Ziyyon"]
[Date "1997.12.27"]
[Round "3"]
[White "Greenfeld, Alon"]
[Black "Murrey, Jacob"]
[Result "0-1"]
[WhiteElo "2540"]
[BlackElo "2440"]

1.d4 Nf6 2.c4 g6 3.Nc3 Bg7 4.e4 d6 5.Nf3 O-O 6.Be2 e5 7.O-O Nc6 8.d5 Ne7
9.b4 c6 10.Ba3 a6 11.Nd2 b5 12.dxc6 Nxc6 13.cxb5 axb5 14.Nxb5 d5 15.exd5 Nxd5
16.Bb2 Ndxb4 17.Nc4 Be6 18.Qxd8 Raxd8 19.Ba3 Rb8 20.Na5 Rfd8 21.Rac1 Rd2
22.Nxc6 Nxc6 23.Bc4 Bxc4 24.Rxc4 Nd4 25.Nxd4 exd4 26.Bd6 Rd8 27.Bc7 Rc8 28.Bf4 Rxc4
29.Bxd2 Rc2 30.Rd1 Rxa2 31.Kf1 f5 32.Ke2 Kf7 33.Kd3 Ke6 34.Rb1 Kd5 35.Rb5+ Kc6
36.Rb8 Be5 37.Rb1 Kc5 38.f4 Ra3+ 39.Ke2 d3+  0-1

[Event "Ambasador op"]
[Site "Bern"]
[Date "1997.12.??"]
[Round "3"]
[White "Kallai, Gabor"]
[Black "Bucher, Denis"]
[Result "1/2-1/2"]
[WhiteElo "2483"]
[BlackElo "2148"]

1.c4 g6 2.e4 Bg7 3.d4 d6 4.Nc3 Nf6 5.Be2 O-O 6.Nf3 e5 7.O-O Nc6 8.d5 Ne7
9.b4 Nh5 10.Re1 Nf4 11.Bf1 a5 12.Ba3 axb4 13.Bxb4 Bg4 14.h3 Bxf3 15.Qxf3 c5
16.dxc6 Nxc6 17.a3 Nd4 18.Qd1 Qd7 19.Nb5 Nxb5 20.cxb5 Rfd8 21.Ra2 d5 22.a4 dxe4
23.Qxd7 Rxd7 24.Rxe4 Nd5 25.Bd2 f5 26.Re1 e4 27.Bc4 Kh8 28.a5 Nb6 29.Rc1 Rxd2
30.Rxd2 Bh6 31.Rd6 Bxc1 32.Rxb6 Rxa5 33.Rxb7 Bf4 34.g3 Be5 35.Re7 Ra1+ 36.Kg2 Bd4
37.Rd7 Bb6 38.Rd6 Bc5  1/2-1/2

[Event "Ambasador op"]
[Site "Bern"]
[Date "1997.12.??"]
[Round "7"]
[White "Kallai, Gabor"]
[Black "Barbero, Gerardo F"]
[Result "1/2-1/2"]
[WhiteElo "2483"]
[BlackElo "2521"]

1.d4 Nf6 2.c4 g6 3.Nc3 Bg7 4.e4 d6 5.Nf3 O-O 6.Be2 e5 7.O-O Nc6 8.d5 Ne7
9.b4 Nh5 10.Re1 f5 11.Ng5 Nf6 12.Bf3 c6 13.Bb2 h6 14.Ne6 Bxe6 15.dxe6 fxe4
16.Nxe4 Nxe4 17.Rxe4 d5 18.cxd5 cxd5 19.Rxe5 Bxe5 20.Bxe5 Qb6 21.Qd2 Qxe6
22.Re1 Rxf3 23.gxf3 Nf5 24.Bg3 Qf7 25.Rc1 Re8 26.Rc7 Re7 27.Rxe7 Nxe7 28.Qxh6 Qxf3
29.Be5 Qd1+  1/2-1/2

[Event "Viking op"]
[Site "Aaland-Stockholm"]
[Date "1997.??.??"]
[Round "?"]
[White "Algars, Olle"]
[Black "Scholz, Franz Peter"]
[Result "1/2-1/2"]
[WhiteElo "2150"]
[BlackElo "2230"]

1.Nf3 Nf6 2.c4 g6 3.Nc3 Bg7 4.e4 d6 5.d4 O-O 6.Be2 Nc6 7.O-O e5 8.d5 Ne7
9.b4 a5 10.Ba3 axb4 11.Bxb4 b6 12.a4 Bd7 13.Ra3 Nh5  1/2-1/2

[Event "Skolernes Skakklub op"]
[Site "Aarhus"]
[Date "1997.??.??"]
[Round "1"]
[White "Cordes, Steffen"]
[Black "Hillarp Persson, Tiger"]
[Result "0-1"]
[WhiteElo "2210"]
[BlackElo "2475"]

1.e4 g6 2.d4 Bg7 3.c4 d6 4.Nc3 Nf6 5.Nf3 O-O 6.Be2 e5 7.O-O Nc6 8.d5 Ne7
9.b4 a5 10.bxa5 Rxa5 11.a4 Nh5 12.Re1 Nf4 13.Bf1 c5 14.Rb1 h6 15.Qb3 Ra6
16.Nd2 f5 17.g3 Nh5 18.f3 Kh8 19.Bg2 f4 20.g4 Nf6 21.Qd1 Nh7 22.Kf2 Bf6 23.Rh1 h5
24.h3 Ng8 25.Nf1 Bh4+ 26.Kg1 Rf7 27.Bd2 Ng5 28.Nh2 Rh7 29.Nb5 Nf6 30.a5 Kg8
31.Qe2 b6 32.axb6 Qxb6 33.Nc3 Qa7 34.Qd1 Rb7 35.Nb5 Qb8 36.Qc2 Bd7 37.Bf1 Bg3
38.Kg2 Kg7 39.Be2 Qa8 40.Bc3 Qf8 41.Ra1 Rxa1 42.Rxa1 Bxb5 43.cxb5 Bxh2 44.Kxh2 hxg4
45.hxg4 Qh8+ 46.Kg1 Qh3 47.Qd1 Qg3+  0-1

[Event "Skolernes Skakklub op"]
[Site "Aarhus"]
[Date "1997.??.??"]
[Round "3"]
[White "Cordes, Steffen"]
[Black "Matthiesen, Martin"]
[Result "0-1"]
[WhiteElo "2210"]
[BlackElo "2135"]

1.e4 g6 2.d4 Bg7 3.c4 d6 4.Nc3 Nf6 5.Nf3 O-O 6.Be2 e5 7.O-O Nc6 8.d5 Ne7
9.b4 Nh5 10.g3 f5 11.Ng5 Nf6 12.f3 a5 13.bxa5 Rxa5 14.Qb3 c5 15.Bd2 Ne8 16.Ne6 Bxe6
17.dxe6 Ra7 18.Nd5 Nc6 19.Bc3 Nc7 20.e7 Nxe7 21.Nxe7+ Qxe7 22.Rfd1 Ne6 23.Rd5 fxe4
24.fxe4 Nd4 25.Bxd4 exd4 26.Bf1 d3 27.Rd1 Bd4+ 28.Kh1 Rxf1+  0-1

[Event "Skolernes Skakklub op"]
[Site "Aarhus"]
[Date "1997.??.??"]
[Round "5"]
[White "Matthiesen, Martin"]
[Black "Jepsen, Thomas"]
[Result "0-1"]
[WhiteElo "2135"]
[BlackElo "2115"]

1.d4 Nf6 2.c4 g6 3.Nc3 Bg7 4.e4 d6 5.Nf3 O-O 6.Be2 e5 7.O-O Nc6 8.d5 Ne7
9.Nd2 Nd7 10.b4 f5 11.Ba3 Rf7 12.c5 Nf6 13.f3 g5 14.Nc4 Bf8 15.b5 Ng6 16.b6 cxb6
17.cxb6 a6 18.exf5 Bxf5 19.g3 Rc8 20.Qd2 Bh3 21.Rf2 g4 22.Rb1 gxf3 23.Rxf3 e4
24.Rf2 Rxc4 25.Bxc4 e3 26.Qxe3 Ng4 27.Rxf7 Nxe3  0-1

[Event "Adelquis Remon"]
[Site "Adelquis Remon"]
[Date "1997.??.??"]
[Round "?"]
[White "Pineda, Boris"]
[Black "Vazquez, Renier"]
[Result "0-1"]
[WhiteElo "2295"]
[BlackElo "2360"]

1.c4 Nf6 2.Nc3 g6 3.e4 d6 4.d4 Bg7 5.Nf3 O-O 6.Be2 e5 7.O-O Nc6 8.d5 Ne7
9.b4 Nh5 10.Re1 f5 11.c5 fxe4 12.Ng5 Nf6 13.Bf4 Bf5 14.a4 Kh8 15.a5 a6 16.b5 axb5
17.Nxb5 h6 18.Ne6 Bxe6 19.dxe6 d5 20.Bf1 Ne8 21.Qb3 Qc8 22.Qh3 Kg8 23.Ra3 Nf5
24.g4 Nd4 25.Nxd4 exd4 26.e7 Rf7 27.Bxh6 Rxe7 28.Qh4 Nf6 29.Bh3 Qf8 30.Bg5 d3
31.Rb3 c6 32.Bf4 Ne8 33.g5 Bd4 34.Bd6 Nxd6 35.cxd6 Rh7 36.Be6+ Kh8 37.Qg3 Re8
38.d7 Rxe6 39.Rxb7 Rxd7 40.Rb8 Rd8 41.Rb7 Kg8  0-1

[Event "Adelquis Remon"]
[Site "Adelquis Remon"]
[Date "1997.??.??"]
[Round "?"]
[White "Pineda, Boris"]
[Black "Barrio, D."]
[Result "1-0"]
[WhiteElo "2295"]
[BlackElo "2355"]

1.c4 Nf6 2.Nc3 g6 3.e4 d6 4.d4 Bg7 5.Nf3 O-O 6.Be2 e5 7.O-O Nc6 8.d5 Ne7
9.b4 Ne8 10.c5 Kh8 11.Nd2 f5 12.f3 Ng8 13.Nc4 f4 14.a4 h5 15.a5 g5 16.Ra2 Nh6
17.cxd6 cxd6 18.Nb5 g4 19.Qe1 Nf7 20.Ra3 Bd7 21.Nc3 Rc8 22.a6 b6 23.Kh1 Nh6
24.Bb2 h4 25.fxg4 Nxg4 26.h3 Nh6 27.Nd2 Bf6 28.Nb5 Bxb5 29.Bxb5 Rg8 30.Qe2 Bg5
31.Bc6 Nf6 32.Ba1 Nf7 33.Kh2 Qf8 34.Rf2 Qh6 35.Nc4 Rb8 36.Nxd6 Nxd6 37.Bxe5 Nf7
38.Bxb8 Rxb8 39.e5 Rf8 40.exf6 Qxf6 41.Qb2 Ne5 42.b5 f3 43.Kg1 Bf4 44.d6 Bg3
45.Bxf3 Bxf2+ 46.Qxf2 Nxf3+ 47.Rxf3 Qa1+ 48.Kh2 Qe5+ 49.Kh1 Qa1+ 50.Qg1  1-0

[Event "Adelquis Remon"]
[Site "Adelquis Remon"]
[Date "1997.??.??"]
[Round "?"]
[White "Blanco, Cesar Augusto"]
[Black "Vazquez, Renier"]
[Result "1-0"]
[WhiteElo "2335"]
[BlackElo "2360"]

1.d4 Nf6 2.c4 g6 3.Nc3 Bg7 4.e4 d6 5.Be2 O-O 6.Nf3 e5 7.O-O Nc6 8.Be3 Ng4
9.Bg5 f6 10.Bc1 f5 11.Bg5 Bf6 12.Bxf6 Nxf6 13.exf5 gxf5 14.d5 Ne7 15.c5 Ng6
16.cxd6 cxd6 17.Qd2 Bd7 18.Ng5 Nf4 19.Rad1 Rc8 20.Bf3 Qe7 21.g3 Ng6 22.Bg2 Rc5
23.Rfe1 Kg7 24.Bh3 Rd8 25.f4 e4 26.b4 Rc4 27.Ne2 h5 28.Nd4 Ng4 29.Nge6+ Bxe6
30.Nxe6+ Kh6 31.Bxg4 hxg4 32.Nxd8 Qxd8 33.a3 Qc7 34.Rc1 Qb6+ 35.Kg2 Rd4 36.Qe3 Rd3
37.Qxb6 axb6 38.Red1 Rxa3 39.Rc7 Ra2+ 40.Kg1 e3 41.Rd7 Rd2 42.Rc1 Rxd5 43.Rc3  1-0

[Event "Ankara"]
[Site "Ankara"]
[Date "1997.??.??"]
[Round "6"]
[White "Guseinov, Aidyn"]
[Black "Arduman, Can"]
[Result "1-0"]
[WhiteElo "2430"]
[BlackElo "2405"]

1.d4 Nf6 2.c4 g6 3.Nc3 Bg7 4.e4 d6 5.Nf3 O-O 6.Be2 e5 7.O-O Nc6 8.d5 Ne7
9.b4 Nh5 10.c5 h6 11.Nd2 Nf4 12.Nc4 f5 13.Ba3 fxe4 14.cxd6 cxd6 15.Nxe4 Nf5
16.Bg4 Nd4 17.Ncxd6 Bxg4 18.Qxg4 Nc2 19.g3 h5 20.Qd1 Nxa1 21.gxf4 exf4 22.Kh1 f3
23.Rg1 Rf4 24.Rxg6 Rg4 25.Rxg7+ Rxg7 26.Qxa1 Qh4 27.Nf5  1-0

[Event "Ano Liosia op"]
[Site "Ano Liosia"]
[Date "1997.??.??"]
[Round "5"]
[White "Ulibin, Mikhail"]
[Black "Arakhamia, Ketevan"]
[Result "1-0"]
[WhiteElo "2555"]
[BlackElo "2490"]

1.d4 Nf6 2.c4 g6 3.Nc3 Bg7 4.e4 d6 5.Be2 O-O 6.Nf3 e5 7.O-O Nc6 8.d5 Ne7
9.Nd2 a5 10.a3 Nd7 11.Rb1 f5 12.b4 Kh8 13.Qc2 b6 14.f3 Ng8 15.exf5 gxf5 16.f4 axb4
17.axb4 exf4 18.Nf3 Ndf6 19.Bd3 Ng4 20.Bxf4 Ne7 21.Rbe1 Ng6 22.Bg5 Qd7 23.Nb5 N4e5
24.Nfd4 Nxd3 25.Qxd3 Ne5 26.Qg3 Ba6 27.Ne6 Bxb5 28.cxb5 Rf7 29.Rc1 Rc8 30.Rc6 Ng6
31.Rfc1 Be5 32.Qd3 Qe8 33.Nxc7 Qg8 34.Ne6 Ra8 35.Rf1 h6 36.Qh3 Ra2 37.Re1 Ra8
38.Be3 f4 39.Bxb6 f3 40.Ng5 f2+ 41.Bxf2  1-0

[Event "BEL-chT 9798"]
[Site "Antwerp"]
[Date "1997.??.??"]
[Round "1"]
[White "Mohandesi, Shahin"]
[Black "Hausrath, Daniel"]
[Result "0-1"]
[WhiteElo "2285"]
[BlackElo "2415"]

1.d4 Nf6 2.Nf3 g6 3.c4 Bg7 4.Nc3 O-O 5.e4 d6 6.Be2 e5 7.O-O Nc6 8.d5 Ne7
9.Ne1 Nd7 10.Nd3 f5 11.Bd2 Nf6 12.f3 f4 13.g4 g5 14.h3 Ng6 15.Be1 Rf7 16.Kg2 Bf8
17.b4 h5 18.Bf2 Rh7 19.Rh1 Rh6 20.c5 Qd7 21.cxd6 Bxd6 22.Nc5 Qh7 23.Qb3 hxg4
24.hxg4 Nxg4 25.Rxh6 Nxh6 26.Rh1 Nf8 27.Kf1 Qg6 28.Rg1 a5 29.b5 b6 30.Nd3 Nd7
31.Na4 Nf6 32.Bxb6 cxb6 33.Nxb6 Bh3+ 34.Ke1 Rd8 35.Nc4 Nf7 36.Nxa5 Nd7 37.Nc6 Ra8
38.b6 Ra3 39.Qb2 Ra6 40.b7 Rb6 41.Qxb6 Nxb6 42.Ne7+ Bxe7 43.b8=Q+ Kg7 44.Nxe5 Qf6
45.Rh1 Nd7 46.Qb3 Nc5 47.Qc2 Nxe5 48.Rxh3 g4 49.Rh5 gxf3 50.Bf1 Kg6 51.Rh1 Qb6
52.Kd1 Qb4 53.Rh2 Ng4 54.e5+ Kg5 55.Qh7 Ne3+ 56.Kc1 Qe1+ 57.Kb2 Na4+  0-1

[Event "BEL-chT 9798"]
[Site "Antwerp"]
[Date "1997.??.??"]
[Round "2"]
[White "Vanderstricht, Geert"]
[Black "Maes, Wim"]
[Result "0-1"]
[WhiteElo "2260"]
[BlackElo "2235"]

1.d4 Nf6 2.Nf3 g6 3.c4 Bg7 4.Nc3 O-O 5.e4 d6 6.Be2 e5 7.O-O Nc6 8.d5 Ne7
9.b4 Kh8 10.Rb1 Neg8 11.c5 Nh5 12.Re1 f5 13.Rb3 f4 14.Nd2 Nhf6 15.a4 g5 16.g4 Rf7
17.h3 Bf8 18.Nc4 h5 19.b5 Rh7 20.b6 axb6 21.cxb6 hxg4 22.hxg4 Ne8 23.bxc7 Qxc7
24.Nb6 Rb8 25.a5 Ngf6 26.Kg2 Kg8 27.Nb5 Qg7 28.Bf3 Qh6 29.Nxc8 Rxc8 30.Kf1 Qh3+
31.Ke2 Nxg4 32.Rg1 Ngf6 33.Rh1 Qd7 34.Rxh7 Qxh7 35.Qg1 Nxe4 36.Bg4 Rc2+  0-1

[Event "BEL-chT 9798"]
[Site "Antwerp"]
[Date "1997.??.??"]
[Round "3"]
[White "Goormachtigh, Johan"]
[Black "Craps, Ben"]
[Result "1-0"]
[WhiteElo "2305"]
[BlackElo "2185"]

1.d4 Nf6 2.c4 g6 3.Nc3 Bg7 4.e4 d6 5.Nf3 O-O 6.Be2 e5 7.O-O Nc6 8.d5 Ne7
9.Nd2 a5 10.Rb1 Nd7 11.a3 f5 12.b4 axb4 13.axb4 Kh8 14.Qc2 Ng8 15.f3 Ndf6
16.c5 Nh5 17.Nc4 Nf4 18.Be3 Bh6 19.cxd6 cxd6 20.Kh1 Nxe2 21.Qxe2 Bxe3 22.Qxe3 Qc7
23.Na5 Bd7 24.Rfc1 Qb8 25.Nc4 Nf6 26.b5 fxe4 27.Nxe4 Nxe4 28.fxe4 Ra2 29.Nd2 Kg7
30.b6 Rc8 31.Qg5 Rxc1+ 32.Rxc1 Qc8 33.Rxc8 Ra1+ 34.Nb1 Rxb1+ 35.Rc1  1-0

[Event "BEL-chT 9798"]
[Site "Antwerp"]
[Date "1997.??.??"]
[Round "6"]
[White "Duhayon, Yves"]
[Black "Siahaan, Dipanegara"]
[Result "0-1"]
[WhiteElo "2145"]
[BlackElo "2065"]

1.d4 Nf6 2.c4 g6 3.Nc3 Bg7 4.e4 d6 5.Nf3 O-O 6.Be2 e5 7.O-O Nc6 8.d5 Ne7
9.Bg5 h6 10.Bxf6 Bxf6 11.b4 Bg7 12.c5 f5 13.Nd2 Bd7 14.Nc4 Rf6 15.a4 Bf8
16.a5 Be8 17.Bd3 Nc8 18.b5 dxc5 19.Nxe5 Bg7 20.f4 Nd6 21.exf5 gxf5 22.Rc1 b6
23.a6 Rf8 24.Kh1 Qh4 25.Qe1 Qxe1 26.Rfxe1 Rd8 27.g3 h5 28.Kg2 Kh7 29.h4 Kg8
30.Kf3 c4 31.Nxc4 Bxc3 32.Rxc3 Nxb5 33.Rcc1 Rxd5 34.Ne5 Rxd3+ 35.Nxd3 Bc6+
36.Kf2 Be4 37.Ne5 c5 38.Red1 Nd4 39.Rxd4  0-1

[Event "AUT-chT2W 9798"]
[Site "Austria"]
[Date "1997.??.??"]
[Round "1"]
[White "Ager, Josef"]
[Black "Hinteregger, Arthur"]
[Result "1-0"]
[WhiteElo "2140"]
[BlackElo "2140"]

1.d4 Nf6 2.c4 g6 3.Nc3 Bg7 4.e4 d6 5.Be2 O-O 6.Nf3 e5 7.O-O Nc6 8.d5 Ne7
9.Ne1 Nd7 10.Be3 f5 11.f3 f4 12.Bf2 g5 13.Rc1 Rf7 14.c5 Nf6 15.Nb5 Ne8 16.Nxa7 Bd7
17.c6 bxc6 18.Nxc6 Nxc6 19.dxc6 Be6 20.a3 h5 21.Bc4 Bxc4 22.Rxc4 Nf6 23.Nc2 d5
24.exd5 Nxd5 25.Qe2 Qf6 26.Qe4 Ne7 27.Rd1 Nf5 28.Rc3 Nd6 29.Qe2 Bf8 30.Bc5 Nf5
31.Bxf8 Raxf8 32.Rc5 Re8 33.Rd7 Re6 34.Nb4 Ne3 35.Nd5 Nxd5 36.Rdxd5 Rfe7
37.Qe4 g4 38.Rd3 Kg7 39.b4 Qg5 40.b5 gxf3 41.Rxf3 Rd6 42.Rf1 Re8 43.Re1 Kf6
44.Rd5 Rxd5 45.Qxd5 h4 46.Qd3 Qf5 47.Qc3 Rg8 48.Qb3 Qg4 49.Qd5 Qe6 50.Qxe6+ Kxe6
51.Kf2 Kd5 52.a4 e4 53.Rc1 Ra8 54.Ra1 Kc5 55.g3 hxg3+ 56.hxg3 fxg3+ 57.Kxg3 e3
58.Kf3 Re8 59.Ke2 Kb4 60.Ra2 Kb3 61.Ra1 Kb4 62.Ra2 Kb3 63.a5 Kxa2 64.b6 cxb6
65.axb6 Re6 66.b7 Rxc6 67.b8=Q Rc3 68.Qb4 Rb3 69.Qc4 Kb2 70.Kd1 Rc3 71.Qe2+ Ka3
72.Qb5 Rb3 73.Qe5 Kb4 74.Kc2 Ra3 75.Qd4+ Kb5 76.Kb2 Ra4 77.Qe5+ Kb4 78.Qxe3  1-0

[Event "AUT-chT9697"]
[Site "Austria"]
[Date "1997.??.??"]
[Round "8"]
[White "Ftacnik, Lubomir"]
[Black "Popovic, Petar"]
[Result "1/2-1/2"]
[WhiteElo "2595"]
[BlackElo "2545"]

1.d4 Nf6 2.Nf3 g6 3.c4 Bg7 4.Nc3 O-O 5.e4 d6 6.Be2 e5 7.O-O Nc6 8.d5 Ne7
9.Nd2 a5 10.a3 Nd7 11.Rb1 f5 12.b4 Kh8 13.Qc2 Nf6 14.f3 c6 15.Nb3 axb4 16.axb4 fxe4
17.fxe4 cxd5 18.cxd5 Qb6+ 19.Kh1 Bd7  1/2-1/2